Metallica Lyrics – #2: The Four Horsemen - Statistics

General Stats
  • This quiz has been taken 55 times
  • The average score is 108 of 199
Answer Stats
Answer % Correct
the
97%
The
97%
Horsemen
94%
horsemen
94%
to
94%
you
91%
You
91%
you,
91%
your
91%
A
88%
a
88%
On
88%
on
88%
and
85%
And
85%
four
85%
ride
85%
come
82%
life
82%
of
82%
take
82%
night
79%
die!
76%
they
76%
choose
74%
No
74%
Death,
71%
death
71%
Or
71%
are
68%
dead
68%
fate
65%
it
65%
nearer
65%
now
65%
Now
65%
do
62%
They've
62%
With
62%
with
62%
drawing
59%
in
59%
So
59%
It's
56%
it's
56%
its
56%
steeds
56%
up
56%
Famine,
53%
For
53%
for
53%
time
53%
Time
53%
leather
50%
Oh
50%
yeah
50%
By
47%
can
47%
has
47%
last
47%
Pestilence
47%
through
47%
what
47%
you've
47%
You've
47%
breath,
44%
fight
44%
got
44%
at
41%
children
41%
every
41%
face
41%
have
41%
nothing
41%
sure
41%
there's
41%
toll
41%
wife
41%
day
38%
door
38%
Lock
38%
place
38%
put
38%
that
38%
all
35%
blow
35%
crack
35%
deliverance
35%
endure
35%
hooves
35%
sound
35%
taken
35%
winds
35%
withered
35%
had
32%
knock
32%
know
32%
lines
32%
others
32%
been
29%
Better
29%
body,
29%
dying
29%
once,
29%
raise
29%
saddle
29%
some
29%
twice
29%
born
26%
company
26%
ears
26%
gather
26%
planned
26%
since
26%
sinner
26%
were
26%
blade
24%
confession
24%
fourth
24%
need
24%
rides
24%
'round,
24%
wield
24%
Cause
21%
blood,
18%
demon
18%
guts
18%
sweat
18%
torn
18%
warriors,
18%
young
18%
down
15%
hammer
15%
inside
15%
Killing
15%
quartet
15%
Safely
15%
swords
15%
armor,
12%
doers
12%
Swing
12%
wrong
12%
judgment
6%
Now's
6%
scores
6%
No matching quizzes found
Score Distribution
Percent of People with Each Score
Percentile by Number Answered
Your Score History
You have not taken this quiz